000 00579cam a22002052 4500
001 0000006187
005 20151217152014.0
008 070921s xx 000 0 eng d
020 _a812190627X :
_cKES 570
040 _aKABU
_cKABU
100 1 _aVerma, S. K.
_@0000157581
245 1 2 _aA Textbook of plant physiology and biochemistry.
250 _a5th ed.
260 _aNew Delhi :
_bS Chand,
_c2006.
300 _axiii, 250 p.
650 0 _aPlant physiology.
_@0000155410
908 _a070921
950 _@1
999 _c7221
_d7221